Top 10 PlayStation Portable Games - Statistics

General Stats
  • This quiz has been taken 10 times
  • The average score is 4 of 10
Answer Stats
Year Game Score % Correct
2005 Grand Theft Auto: Liberty City Stories 88
63%
2008 God of War: Chains of Olympus 91
50%
2009 Grand Theft Auto: Chinatown Wars 90
50%
2010 Metal Gear Solid: Peace Walker 89
50%
2007 Final Fantasy Tactics: The War of the Lions 88
38%
2005 Lumines 89
38%
2006 Tekken: Dark Resurrection 88
25%
2011 OMG-Z 88
13%
2010 Shin Megami Tensei: Persona 3 Portable 89
13%
2005 Wipeout Pure 88
13%
No matching quizzes found
Score Distribution
Percent of People with Each Score
Percentile by Number Answered
Your Score History
You have not taken this quiz